01019 am a2200289 a 450000500170000000800410001702000150005804100080007310000170008124501180009825000120021626000290022830000160025750001490027365300210042265300220044365300290046565300090049465300480050365300280055165300090057965300160058865300360060465300290064065300430066965300170071220240625100245.0100317s2000||||xxua f |||| 001 0 eng d a0912912065 aeng1 aDubin, Dale. aRapid Interpretation of EKG's.bDr. Dubin's classic, simplified methology for under standing EKG's /cDale Dubin. a6th ed. aFlorida: bCover;c2000. a368 p.bil. aDubin, D. (2000). Rapid Interpretation of EKG's. Dr. Dubin's classic, simplified methology for under standing EKG's. (6th ed.). Florida : Cover. aBasic principles aRecording the EKG aAutonomic nervous system aRate aRhythm, part I: arrhythmias of focal origin aRhythm, part II: blocks aAxis aHypertrophy aInfarction (includes hemiblock) aCardiac monitor displays aPersonal quick reference sheets (PQRS) aEKG tracings